Statistics for Historical U.S. Governors

Click here to take the quiz!

General Stats

  • This quiz has been taken 303 times
    (299 since last reset)
  • The average score is 38 of 67

Answer Stats

State, Political Party, Term Year(s), and HintsGovernor% Correct
New York, Democrat, 1929-1932, New Deal PresidentFranklin Roosevelt
95%
Georgia, Democrat, 1971-1975, Peanut farmerJimmy Carter
95%
Arkansas, Democrat, 1979-1981, 1983-1992, 42nd presidentBill Clinton
89%
California, Republican, 2003-2011, the GovernatorArnold Schwarzenegger
87%
Florida, Republican, 1999-2007, part of a large multi-state political dynastyJeb Bush
87%
Texas, Republican, 1995-2000, both a president and a president's sonGeorge W. Bush
86%
Indiana, Republican, 2013-2017, Trump's VPMike Pence
85%
California, Republican, 1967-1975, former actorRonald Reagan
85%
West Virginia, Democrat, 1977-1985, Great-grandson of oil tycoonJay Rockefeller
84%
Alaska, Republican, 2006-2009, McCain's VP nomineeSarah Palin
84%
Ohio, Republican, 1892-1896, Spanish-American War PresidentWilliam McKinley
83%
New York, Republican, 1899-1900, Bull MooseTheodore Roosevelt
81%
Alabama, Democrat, 1963-1967, 1971-1979, 1983-1987, "segregation forever"George Wallace
80%
New York, Democrat, 1883-1885, served non-consecutive presidential termsGrover Cleveland
80%
Massachusetts, Independent, 1780-1785, 1787-1793, Famous signatoryJohn Hancock
80%
Massachusetts, Republican, 2003-2007, MormonMitt Romney
79%
New York, Republican, 1943-1954, Surprisingly lost to TrumanThomas Dewey
79%
Massachusetts, Republican, 1919-1921, Silent PresidentCalvin Coolidge
78%
Maryland, Republican, 1967-1969, 39th VPSpiro Agnew
78%
Massachusetts, Democrat, 1983-1991, Lost to H.W. BushMichael Dukakis
77%
Minnesota, Reform/Independence, 1999-2003, former professional wrestlerJesse Ventura
76%
New Jersey, Republican, 2010-2018, Governor during Hurricane SandyChris Christie
75%
South Carolina, Republican, 2011-2017, Trump's first UN AmbassadorNikki Haley
74%
New Jersey, Democrat, 1911-1913, "The Schoolmaster"Woodrow Wilson
74%
Louisiana, Democrat, 1928-1932, "The Kingfish"Huey Long
71%
Arkansas, Republican, 1996-2007, minister and Fox News hostMike Huckabee
71%
Virginia, Democrat, 2006-2010, Hillary's VP NomineeTim Kaine
71%
Tennessee, Democratic-Republican, 1827-1829, Texas, Independent, 1859-1861, First President of TexasSam Houston
69%
California, Democrat, 1975-1983, 2011-2019, famous opponent of death penalty, proponent of environmental causesJerry Brown
68%
Virginia, Democratic-Republican, 1799-1802, 1811, Era of Good Feelings PresidentJames Monroe
65%
New York, Republican, 1959-1973, Ford's VPNelson Rockefeller
63%
California, Republican, 1943-1953, Eisenhower-appointed Chief JusticeEarl Warren
62%
New York, Democrat, 1829, Old KinderhookMartin Van Buren
61%
Massachusetts, Democratic-Republican, 1810-1812, RedistrictingElbridge Gerry
60%
Texas, Republican, 2000-2015, Trump's former Secretary of EnergyRick Perry
59%
New York, Federalist, 1795-1801, 1st Chief JusticeJohn Jay
57%
Vermont, Democrat, 1991-2003, Loud scream ruined his presidential campaignHoward Dean
56%
Ohio, Republican, 2011-2019, 2016 Republican primary contenderJohn Kasich
56%
Massachusetts, Independent, 1793-1797, Sons of LibertySamuel Adams
52%
Illinois, Democrat, 2003-2009, impeached, removed, and imprisoned for corruptionRod Blagojevich
50%
Virginia, Democratic-Republican, 1825-1827, W.H. Harrison's VPJohn Tyler
48%
Tennessee, Democrat/Unionist, 1853-1857, 1862-1865, former tailorAndrew Johnson
46%
New Mexico, Democrat, 2003-2011, U.S. Ambassador to the UN and Energy Secretary in the Clinton administrationBill Richardson
44%
Wisconsin, Republican, 1901-1906, "Fighting Bob", Progressive candidate for presidentRobert La Follette
43%
Michigan, Republican, 1963-1969, Nixon's Secretary of Housing and Urban DevelopmentGeorge Romney
42%
Kansas, Republican, 1933-1937, lost in a landslide to FDRAlf Landon
41%
New York, Democrat, 1919-1920, 1923-1928, CatholicAl Smith
40%
Tennessee, Democrat, 1839-1841, Young HickoryJames Polk
39%
New Hampshire, Republican, 1983-1989, H.W. Bush's Chief of StaffJohn Sununu
39%
Nebraska, Democrat, 1923-1925, 1931-1935, younger brother to the Great CommonerCharles W. Bryan
38%
Ohio, Republican, 1868-1872, 1876-1877, His FraudulencyRutherford Hayes
38%
New York, Democratic-Republican, 1777-1795, 1801-1804, 4th VPGeorge Clinton
36%
New Jersey, Democrat, 1878-1881, 2-time commander of the Army of the PotomacGeorge McClellan
35%
Maine, Democrat, 1955-1959, Hubert Humphrey's VP nomineeEdmund Muskie
32%
Arizona, Democrat, 2003-2009, Obama's first Secretary of Homeland SecurityJanet Napolitano
28%
Virginia, Anti-Federalist, 1776-1779, 1784-1786, the Constitution's biggest opponentPatrick Henry
26%
Utah, Republican, 2005-2009, has served in the administration of 5 U.S. presidentsJon Huntsman
25%
New York, Democratic-Republican, 1817-1822, 1825-1828, Erie CanalDeWitt Clinton
24%
Ohio, Republican, 1856-1860, Lincoln-appointed Chief JusticeSalmon Chase
24%
Rhode Island, Republican, 1866-1869, Union General at FredricksburgAmbrose Burnside
21%
Maine, Republican, 1867-1871, Gettysburg heroJoshua Chamberlain
20%
Indiana, Democrat, 1909-1913, Wilson's VPThomas Marshall
20%
Delaware, Independent, 1778-1781, Signer of the Declaration of IndependenceCaesar Rodney
14%
Pennsylvania, Republican, 1923-1927, 1931-1935, First Chief of the U.S. Forest ServiceGifford Pinchot
11%
Wyoming, Democrat, 1925-1927, first female governor of any stateNellie Tayloe Ross
11%
North Carolina, Conservative/Democrat, 1862-1865, 1877-1879, influential leader in the New SouthZebulon Vance
8%
Connecticut, Independent, 1769-1784, Only Patriot colonial governorJonathan Trumbull
5%

Score Distribution

Percentile by Number Answered

Percent of People with Each Score

Your Score History

You have not taken this quiz since the last reset